[Event "Europe Echecs Blitz Nov op"]
[Site "Europe Echecs INT"]
[Date "2020.11.08"]
[Round "2"]
[White "Mathiot, Jean Marc"]
[Black "Ahardan, Driss"]
[Result "0-1"]
[WhiteElo "1565"]
[BlackElo "1888"]
[PlyCount "86"]
[EventDate "2020.11.08"]
[EventType "swiss (blitz)"]
[EventRounds "11"]
[EventCountry "FRA"]
[SourceTitle "CBM 199 Extra"]
[Source "ChessBase"]
[SourceDate "2021.01.31"]
[SourceVersion "1"]
[SourceVersionDate "2021.01.31"]
[SourceQuality "1"]

1. e4 c5 2. Nf3 d6 3. d3 g6 4. Be2 Bg7 5. Nc3 e5 6. Bd2 Ne7 7. Qc1 h5 8. h3 Nbc6 9. Nd5 Be6 10. Nxe7 Qxe7 11. Ng5 0-0-0 12. Nxe6 Qxe6 13. c3 Kb8 14. Bf3 Ne7 15. c4 Nc6 16. a3 Nd4 17. Qd1 f5 18. Be3 fxe4 19. Bxe4 Nf5 20. Qb3 Rd7 21. Bd5 Qe7 22. 0-0 g5 23. Qd1 Bf6 24. Be4 Nh4 25. Rb1 g4 26. hxg4 Rg8 27. g5 Bxg5 28. Bxg5 Qxg5 29. g3 Nf5 30. Qf3 Nh4 31. Qh1 Nf5 32. Qf3 Rf7 33. Qg2 h4 34. Bd5 Rfg7 35. Bxg8 Rxg8 36. g4 Nh6 37. f3 Qe3+ 38. Qf2 Qf4 39. Qxh4 Nf5 40. Qh2 Qe3+ 41. Qf2 Qh6 42. Qh2 Qg5 43. Rf2 Nh4 0-1